Modelovanie sietí LAN /

Guardado en:
Detalles Bibliográficos
Autor principal: Štric, Rastislav (Autor)
Autor Corporativo: Katedra informatiky a výpočtovej techniky EF STU
Otros Autores: Kotočová, Margaréta, 1951- (Orientador)
Formato: Manuscrito Libro
Lenguaje:eslovaco
Publicado: Bratislava : Slovenská technická univerzita v Bratislave 1995,
Materias:
Etiquetas: Agregar Etiqueta
Sin Etiquetas, Sea el primero en etiquetar este registro!

MARC

LEADER 00000ntm a22000003a 4500
001 0065218
003 SK-STU
005 20180522162921.4
007 ta
008 180522s2018----xo-----f-mn---000-0-slo-d
040 |a STU  |b slo 
041 0 |a slo 
044 |a xo  |c SK 
100 1 |a Štric, Rastislav  |4 aut 
245 1 0 |a Modelovanie sietí LAN /  |c aut. Rastislav Štric ; škol. Margaréta Kotočová 
260 |c 1995,  |a Bratislava :  |b Slovenská technická univerzita v Bratislave 
300 |a 53 s. 
650 0 7 |a siete LAN 
700 1 |a Kotočová, Margaréta,  |d 1951-  |u 070100  |r Z8  |4 ths  |U FIIT Fakulta informatiky a informačných technológií  |T FIIT Ústav počítačových systémov a sietí  |X 2014  |U I100  |Y 178  |7 A000002014 
710 2 |a Katedra informatiky a výpočtovej techniky EF STU 
996 |c I*DP53/95  |l II680  |s P  |a 0  |w 0065218_0001